| 000 | 00581nam a2200193Ia 4500 | ||
|---|---|---|---|
| 008 | 151119s9999||||xx |||||||||||||| ||und|| | ||
| 082 | _a920.054 | ||
| 082 | _bGKKV23834 | ||
| 100 | _aजाधव नरेंद्र | ||
| 245 | _aआमचा बाप अन आम्ही | ||
| 260 | _a-- | ||
| 260 | _b-- | ||
| 260 | _c1994 | ||
| 600 | _aजाधव नरेंद्र | ||
| 630 | _aआमचा बाप अन आम्ही | ||
| 700 | _aजाधव नरेंद्र | ||
| 730 | _aआमचा बाप अन आम्ही | ||
| 942 | _cBOOK | ||
| 999 |
_c1076452 _d1076449 |
||